LDR 00814naa#a2200169#i#450# 001 RU\\bibl\120746 005 20260702151547.4 011 ## _a2687-0185 100 ## _a20251202b2025####ek#y0rusy0150####ca 102 ## _aRU 200 1# _aПричины и условия совершения насильственных преступлений в отношении сотрудников мест лишения свободы _eЖурнальная статья 210 1# _aМосква _cМосковский университет МВД России имени В.Я. Кикотя _d2025 215 ## _a3 с. 608 ## _aЖурнальная статья _2local 675 ## _aКриминология. Криминалистика. 343.9 _z 700 #1 _aРадченко _gАнтон Леонидович 856 4# _amosumvd.editorum.ru _u